| 000 -LEADER |
| fixed length control field |
00685nam a2200205Ia 4500 |
| 001 - CONTROL NUMBER |
| control field |
8605 |
| 003 - CONTROL NUMBER IDENTIFIER |
| control field |
GE_BSU |
| 008 - FIXED-LENGTH DATA ELEMENTS--GENERAL INFORMATION |
| fixed length control field |
181216s||||||||xx |||||||||||||| ||und|| |
| 040 ## - CATALOGING SOURCE |
| Transcribing agency |
GE_BSU |
| 080 ## - UNIVERSAL DECIMAL CLASSIFICATION NUMBER |
| Universal Decimal Classification number |
821.353.1-1+821.353.1-11 |
| 100 ## - MAIN ENTRY--PERSONAL NAME |
| Personal name |
თევზაძე, ანდრო |
| 245 ## - TITLE STATEMENT |
| Title |
ლექსები, პოემა |
| 245 ## - TITLE STATEMENT |
| Statement of responsibility, etc. |
რედ: სიმონ ჩიქოვანი, მხატვ.: შ. ბერიტაშვილი |
| 260 ## - PUBLICATION, DISTRIBUTION, ETC. |
| Place of publication, distribution, etc. |
თბ. |
| 260 ## - PUBLICATION, DISTRIBUTION, ETC. |
| Name of publisher, distributor, etc. |
საბჭ. მწერალი |
| 260 ## - PUBLICATION, DISTRIBUTION, ETC. |
| Date of publication, distribution, etc. |
1954 |
| 300 ## - PHYSICAL DESCRIPTION |
| Extent |
292 გვ; 1 ფურც. პორტრ; 21 სმ |
| 653 ## - INDEX TERM--UNCONTROLLED |
| Uncontrolled term |
ლექსები პოემა |
| 942 ## - ADDED ENTRY ELEMENTS (KOHA) |
| Koha item type |
წიგნი |